000 00799nam a2200241 i 4500
001 bgj
100 1 _aUR, Penny
245 1 0 _aNauczanie rozumienia słowa mówionego /
_cPenny Ur ; przeł. Ewa Niezgoda.
260 _aWarszawa :
_bWydaw. Szkolne i Pedagogiczne,
_c1989.
300 _a211 pp :
_b34 fig. ;
_c21 cm.
490 1 _aBiblioteka Nauczycieli Języków Obcych
500 _aTransl. of : Teaching listening comprehension.
504 _aBibliography pp 206-210.
650 9 _aLanguage and languages
_xStudy and teaching
700 1 _aNIEZGODA, Ewa.
_etransl.
830 _aBiblioteka Nauczycieli Języków Obcych
020 _a8302039802 (pbk)
040 _cBPK
041 1 _apol
_heng
920 _a83-02-03980-2 (pbk)
942 _cKS
008 s pl f |000 0 pol
999 _c47289
_d47289
856 _uhttp://koha.tu.koszalin.pl/cgi-bin/koha/opac-detail.pl?biblionumber=47289
_yKatalog online BPK